Statistics for 2019 Memes

Click here to take the quiz!

General Stats

  • This quiz has been taken 992 times
    (938 since last reset)
  • The average score is 19 of 85

Answer Stats

HintAnswer% Correct
The battle for the most subscribers.Pewdiepie vs T-Series
63%
Billie Eilish is not the good guyBad Guy
50%
One thicc bunny.Big Chungus
49%
Toothpaste should be eaten, ___/10 dentists agree9
47%
Who is Joe?Joemama
47%
Me* Takes a swim. Everyone else at Niagra Falls*Unsettled Tom
47%
J.K. Rowling reveals everyone was...Gay
46%
The best pass a white guy can get.N-word pass
46%
Creeper...Aww man
44%
Where's *THUD THUD The mother f*ing *THUD THUD Tea?Here's the mother f*ing tea
44%
GTA phrase muttered when walking into a fimiliar situation..."Aw Sh*t...Here we go again
43%
Small brain+ Small brain =Big brain
42%
This video was sponsered by the #1 mobile gameRaid Shadow Legends
41%
He like 'em big, he like 'em chunkyMoto Moto
40%
Well boys __ ___ __. We made Minecraft popular againWe did it
37%
Lv.35 boss.That's how mafia works
35%
If we Naruto run we can move faster than their bulletsArea 51 Memes
34%
Have you done your Spanish lesson.Duolingo Owl
34%
Stocks but... stonksStonks
33%
Pewdiepie's minecraft dogSven
33%
The winner of the Youtube rematch fightKSI
32%
If we ____ __ we can out run their bulletsNaruto run
32%
NNNNo Nut November
32%
Where Dr Phil sends arrogant childrenThe ranch
32%
a spontaneous and usually random time where someone checks your vibeVibe check
30%
This Naruto character is always getting choked.Choking sasuke
29%
I'm gonna take my horse to the hotel roomOld Town Road
28%
Elon Musk's newest car (breaks easily)Tesla Cybertruck
28%
Is that the bite of87
27%
Not funnyDidn't laugh
27%
The ultimate overpowered cartoon.Ultra Shaggy
27%
EpsteinDidn't kill himself
26%
Belle Delphine's herpes' in a bottleGamer girl bath water
25%
He holds the record for most subscribers lost and holds in in only 2 daysJames Charles
25%
Eric Andre just wants to be let insideLet me INNNNNNNN
24%
14 year old girls when (S)he (be)lie(ve)d.sbeve
24%
Describe Keanu Reeves in one wordBreathtaking
23%
A'ightImma Head out
23%
The most liked Instagram post.Instagram egg
23%
Pewdiepie's minecraft sheepWatersheep
22%
Just hanging out with the 4 boysMe and the boys
21%
How to reply to an angry adult who doesn't believe in climate change.Ok Boomer
21%
The chipmunk getting the best head is...Theodore
21%
What if we were put in the fricking chamber? Haha Just kidding...____Unless
21%
Change da world, My final message...______Goodbye
20%
Can grant you fortnite and mark ass brownlee related wishesWill Smith genie
20%
Size of peppa pig7'1
19%
They may kill you but at least you don't have autismVaccine
19%
Spoilers for Avengers Endgame. Antman makes the ultimate sacrifice.Thanos's butthole
18%
Mr Beast campagin to reach $20,000 for...Team trees
17%
WOT? You never played...Tuber Simulator
17%
Lightning McQueen, I peedI am speed
16%
Pewdiepie's mincraft horse (CORRECT SPELLING)Joergen
16%
Person who cried at the matchJake Paul
14%
What if we made out on the joker____Stairs
14%
Le MonkeUh-oh Stinky
14%
This meme has been blocked inChina
13%
Gotta go fast in real lifeSonic The Hedgehog Live Action Movie
13%
Leading cause of violence in USAVideo games
13%
Hamger gerbur u. . . . . UUUUUUUUHamburger
12%
I know we couldn't skype tonight but... that's alrightGood night girl
10%
Thanos 'Rain fire' 'but sire...'Just do it
10%
Moaning pufferfish noiseAeugh
9%
They can't see you.Bird box challenge
9%
Shannon Briggs, trained one boxer purly through the catchphrase (Let's go ____)Champ
8%
This phrase took over youtube's comments section.Oh yeah yeah
8%
How many pizza's can Papa John eat in 30 days?40
7%
They can't hear youAir Pods
7%
A result of Brexit but I call it Robo-copy-writeArticle 13
7%
You have stolen my childhoodHow dare you!
6%
The most gorgeous man on earth and has a Tic Tok accountRicardo
6%
One beeg dinosaurBeeg Yoshi
5%
Hate him or Love himHe's spittin straight facts
5%
STFU, I'm in the car...listening to
5%
Look at us! Who would have though?Not me
5%
A honey bear--> An anthropormorphic, intelligent ursid with a golden hue to reflect the sustenance that is his namesake.Tuxedo Winnie the Pooh
5%
Very cute memeBaby Yoda
4%
Why certain Youtube videos appear on blue shirt kid's recommendedFirst of all, because of the YouTube algorithm
4%
The first meme to not die must have been like...White guy blinking meme
4%
Time Traveler: Is Trump in power now? Person: Donald Trump, Yea? Time Traveler: No, I mean Trump JrSay sike right now
3%
The face children make at me on the bus.Sully Wazowski
2%
Where the boys and I hang out after gymThe boy's locker room
2%
They will take your water.Airport security
1%
When wolves by Kanye West starts playingFloating Spongebob meme
1%
His theme song, played often over long screamsFlower Garden
1%

Score Distribution

Percentile by Number Answered

Percent of People with Each Score

Your Score History

You have not taken this quiz since the last reset